Statistics for Sondheim Musicals

Click here to take the quiz!

General Stats

  • This quiz has been taken 47 times
  • The average score is 11 of 20

Answer Stats

HintAnswer% Correct
1987Into the Woods
94%
1979Sweeney Todd: The Demon Barber of Fleet Street
94%
1957West Side Story
85%
1970Company
85%
1981Merrily We Roll Along
74%
1984Sunday in the Park with George
74%
1990Assassins
71%
1973A Little Night Music
68%
1971Follies
65%
1962A Funny Thing Happened on the Way to the Forum
62%
1964Anyone Can Whistle
50%
1959Gypsy
50%
1994Passion
50%
1976Pacific Overtures
41%
2003/2008Road Show
41%
1974/2004The Frogs
38%
1965Do I Hear a Waltz?
35%
1966Evening Primrose
26%
1997Saturday Night
26%
2023We Are Here
3%

Score Distribution

Percentile by Number Answered

Percent of People with Each Score

Your Score History

You have not taken this quiz